000 00756nam a2200277Ia 4500
001 26493
005 20240114000926.0
007 ta
008 060509s1954 g b000 u 465 u
040 _aCotton College,Assam
041 _a465
082 _a109
_bD 932 St
100 _aDurant, Will .
245 0 _aThe Story of Philosophy: The Lives and Opinions of the Greater Philosophers /
_cWill Durant.
_hTextual Documents
250 _a1st ed. /
260 _aNew York :
_bPocket Library ,
_c1954.
300 _a534p. ;
_c18cm.
653 _aPhilosophy
653 _aGreater Philosophers
653 _aG-Philosophy
653 _aT/G-Philosophy
942 _2ddc
_cBK
999 _c26475
_d26475